01326nam a2200337 a 4500008004100000020001800041041000800059100002900067245006500096250001100161260005300172300002400225500012800249653004400377653003100421653007300452653006000525653004500585653003200630653004900662653004300711653005000754700001700804700001800821700003700839700003300876700002100909700001900930700001800949700002100967110706s2009 sp ||||f |||| 001 0 spa d a9788498353051 aspa1 aSanjuán, JulioeCoord. aTeoría de la evolución en la medicina /cJulio Sanjuán a1a ed. aMadrid:bEditorial Médica Panamericana;c2009. a184 p.bil.c24 cm. aSanjuán, J. et al. (2009). Teoría de la evolución en la medicina. (1a ed.). Madrid : Editorial Médica Panamericana. aEvolucionismo y medicina en la historia aConsideraciones evolutivas aTeoría de la evolución y enfermedades infecciosas y parasitarias aTeoría de la evolución en la obesidad y la diabetes aTeoría de la evolución y pediatría aGenes versus medio ambiente aDe los modelos animales a la conducta humana aTeoría de la evolución y demencias aTeoría de la evolución y psicopatología1 aBrines, Juan1 aBufill, Enric1 aCampillo Alvarez, José Enrique1 aLópez-Piñero, José Mª1 aMerino, Santiago1 aMoya, Andrés1 aSoler, Manuel1 aTobeña, Adolfo